00533nam a2200169 a 4500008004100000020002900041100001800070245011800088300002600206504004300232500002000275650002200295700001900317003000100336005001700337040000900354  a9781873836460 (hardback) aZell, Hans M. 0aPublishing and Book Development in Sub-Saharan Africa: An Annointed Bibliography /cZell Hand M. and Lomer Cecile ax, 409 pages ;c25 cm aIncludes bibliographical references.  aIncludes index. aBook Development. aLomer, Cecile.20230120191426.0 cNUST